Chinese History Trivia - Statistics

General Stats
  • This quiz has been taken 133 times
  • The average score is 34 of 44
Answer Stats
Question Answer % Correct
Founder and Chairman of the PRC from 1949-1976 Mao Zedong
93%
Territories returned to China in 1997 and 1999, British and Portuguese respectively Hong Kong
91%
City where the COVID-19 pandemic started Wuhan
91%
General Secretary of China as of 2012 Xi Jinping
91%
China annexed this region in 1951; the Dalai Lama would eventually flee to India Tibet
90%
City brutally massacred by Japan in 1937 Nanjing
89%
Qin Shi Huang, the 1st Emperor of unified China, oversaw the construction of this World Wonder The Great Wall
89%
1989 massacre location Tiananmen Square
89%
These wars in the mid-19th century saw European powers forcing imports into China, especially of a particular drug Opium Wars
88%
Former English spelling of Beijing, still used when referring to its duck for example Peking
87%
This trade route was integral in the developments of the above Silk Road
87%
Year in which India overtook China in population 2023
86%
This dynasty gives its name to the ethnic group of 92% of China's population Han
86%
Name one of the major Chinese inventions during the Song Dynasty Printing | Paper | Gunpowder | Compass
85%
China is officially known as the People's Republic of China. What is the official name of Taiwan? Republic of China
84%
The philosophy of Laozi, who wrote the Tao Te Ching Taoism
83%
Sun Tzu's famous military text often applied to modern business and leadership; from some time during the late Spring and Autumn period The Art of War
83%
Macau
82%
Xi'an hosts the tomb of the 1st Emperor, including this famous army of sculptures Terracotta Army
82%
1958-1962 economic campaign that led to mass famines Great Leap Forward
81%
The above also saw the expansion of this religion Buddhism
80%
Leader of China from 1928-1949 before fleeing to Taiwan Chiang Kai-shek
79%
War where Chinese and US troops had direct combat from 1950-1953 Korean War
78%
1966-1976 movement aimed at doing away with traditional elements Cultural Revolution
77%
The Yuan Dynasty, founded by this grandson of Genghis Khan, saw China's first time under foreign control Kublai Khan
77%
The Qing Dynasty was founded by conquerors from this historical region Manchuria
76%
In the early Cold War, the USSR promised to help China develop these, but didn't deliver on this; a factor in their worsening relations Nuclear Weapons
73%
Province of devastating 2008 earthquake, known for spicy food Sichuan
73%
The 1st Sino-Japanese War of 1894-1895 saw China lose this territory to Japan Taiwan
73%
1899-1901 anti-foreigner rebellion led by the Society of Righteous and Harmonious Fists; think Ali and Tyson Boxer Rebellion
71%
The above is thought to look like this character, depictions of which have been banned by the CCP Winnie the Pooh
71%
This traditional philosophy would later be established as the state ideology under one of the dynasties Confucianism
70%
Paramount Leader of China from 1978-1992 who saw major economic reforms Deng Xiaoping
70%
U.S. President who reestablished relations with China. "Only _____ could go to China" Richard Nixon
70%
The Ming Dynasty commissioned the construction of this palace in Beijing The Forbidden City
70%
The period from 220-280 is known for its literature, and saw the division of the Wei, Shu, and Wu kingdoms 3 Kingdoms
68%
In an attempt to gain immortality, Qin Shi Huang took pills made of this element; they likely contributed to his death Mercury
66%
Wu Zetian, the only empress in Chinese history, was of this dynasty known for its Golden Age of culture and trade Tang
66%
While this mountainous region is most notably disputed by Pakistan and India, China also claims part of it Kashmir
64%
Province of the Uyghur ethnic group Xinjiang
63%
This period lasting from 475-221 BC was defined by fragmentation, with several kingdoms at war Warring States
55%
The Sui Dynasty saw the construction of this important canal Grand Canal
52%
Chinese official and explorer who embarked on numerous voyages sponsored by Yongle Zheng He
46%
The above was part of this embarassing period in Chinese history, where external powers gained increasing influence in China's economy and sovereignty, still a focal point in today's culture and education Century of Humiliation
41%
No matching quizzes found
Score Distribution
Percent of People with Each Score
Percentile by Number Answered
Your Score History
You have not taken this quiz